Jorge Vinatea Reinoso (Registro nro. 269)
[ vista simple ]
| 000 -Cabecera | |
|---|---|
| Campo de control interno | 00516nam a2200193Ia 4500 |
| 005 - Fecha y hora del registro | |
| control field | 20251205091621.0 |
| 008 - Elementos de Longitud Fija | |
| fixed length control field | 251203t1992||||xx |||||||||||||| ||spa|| |
| 041 ## - Idioma | |
| Codigo Idioma | ESP |
| 082 ## - DEWEY y NOTACIÓN INTERNA | |
| Dewey | 750.985 |
| Notación Interna | T72 |
| 100 ## - AUTOR | |
| Autor denominación | Tord, Luis Enrique, |
| Títulos y otras palabras asociadas con el nombre | AUT |
| 245 #0 - TÍTULO DE MATERIAL BIBLIOGRÁFICO | |
| Título | Jorge Vinatea Reinoso |
| 260 ## - CIUDAD, EDITORIAL, AÑO | |
| Ciudad | Lima : |
| Nombre de la Editorial | Banco del Sur del Perú |
| Año | 1992 |
| 300 ## - DESCRIPCIÓN | |
| N° Páginas | 219 páginas : |
| Otros detalles | ilustraciones ; |
| Dimensiones | 31 cm. |
| 650 ## - TEMAS | |
| Temas | Las Artes |
| 653 ## - DESCRIPTORES | |
| Lenguajes no controlado | Pintura peruana, Arequipa; Siglo XX |
| 654 ## - PROGRAMAS | |
| Programa | Todos los programas |
| 942 ## - ELEMENTOS DE KOHA | |
| Tipo de documento | Libro |
| Nombre del creador | Justo Noguera |
| Código de catalogador | Mirtha Ponce |
| Esquema de clasificación | Dewey Decimal Classification |
| Codigo completo | Registro | Colección | Copia número | Disponibilidad | Tipo de préstamo | Biblioteca Actual | Procedencia (Biblioteca) | Ubicacón | Fecha Ingreso | Tipo de Adquisición | Date last seen | Total checkouts | Price effective from | Tipo de Item | Estado del Material | Fuente de Clasificación | Damaged status | Withdrawn status |
|---|---|---|---|---|---|---|---|---|---|---|---|---|---|---|---|---|---|---|
| 750.985 T72 | 1085148 | Colección Vera Bejar | 1 | Restringido | Víctor Andrés Belaunde | Víctor Andrés Belaunde | Planta baja cerrada | 03/12/2025 | Donación | 03/12/2025 | 03/12/2025 | Libro | Bueno | Dewey Decimal Classification | Withdrawn |




